000 00902nam a2200217Ia 4500
999 _c39885
_d39885
001 6490
003 GE_BSU
005 20191010120950.0
008 181216s1935||||geo|||||||||||||| ||geo||
040 _cGE_BSU
041 _ageo
080 _a821.353.1-4 ბ-45
100 _aბელიაშვილი, აკაკი
_94491
245 _a4854(ზუგდიდის დაბლობიდან თეთნულდის წვერამდე) :
_bნარკვევი /
264 _aტფილისი :
_b[გ.გ.] ;
_c1935.
300 _a115გვ. ;
_c18 სმ.
490 _a(საქართველოს გეოგრაფიული საზოგადოება)
653 _a4854(ზუგდიდის დაბლობიდან თეთნულდის წვერამდე)
653 _aნარკვევი
942 _cBK
_2udc